000 00369nam a2200157Ia 4500
008 230917s9999||||xx |||||||||||||| ||und||
040 _e102748
_aMAIN
041 _aEnglish
082 _a332.46
100 _aVaish, M C
245 0 _aMonetary theory
250 _a15th ed.
260 _aNew Delhi
_bVikas publishing house
_c2003
300 _a645p p.
942 _cBK
999 _c116429
_d116429